000 00644nam a2200229Ia 4500
003 OSt
005 20220925215757.0
006 a|||||r|||| 00| 0
007 ta
008 220923b |||||||| |||| 00| 0 eng d
037 _cGeneral Book
040 _aRTL
_cRTL
_beng
041 _2eng
_aeng
082 _aXxL66:g, A
100 _aRavenstone Piercy
_9283534
245 0 _aFew doubts as to the correctness of some opinions
260 _aLondon
_bJohn Andrews
_c1821
300 _a474p
_ccm.
500 _aReprinted: NY, Kelley,1966
942 _hXxL66:g, A
_cGB
_2CC
999 _c569701
_d569701